000 01187cam a22003015a 4500
999 _c6143
_d6143
003 EG-ScBUE
005 20210517094019.0
008 150816s1995 ii f d 000 0 eng d
040 _aEG-ScBUE
_beng
_erda
_cEG-ScBUE
_dEG-ScBUE
082 0 4 _a821.1
_bCHA
_222
100 1 _aChaucer, Geoffrey,‏
_d-1400
_eauthor.
_941393
245 1 4 _aThe pardoner's tale :
_bedited with a critcal introduction, complete paraphrase of the text, notes and explanations, questions and answers /
_cGeoffrey Chaucer, Ramji Lall, M. A., formerly principal, Dyal College, University of Delhi, New Delhi.
250 _aSeventh edition.
264 1 _aNew Delhi :
_bRama Brothers Educational Publishers,
_c1995.
300 _aviii, 247 pages ;
_c21 cm
336 _2rdacontent
_atext
_btxt
337 _2rdamedia
_aunmediated
_bn
338 _2rdacarrier
_avolume
_bnc
500 _aIncludes glossary.
650 7 _aChristian pilgrims and pilgrimages
_vPoetry.
_2BUEsh
650 7 _aDeath
_vPoetry.
_2BUEsh
650 7 _aTreasure troves
_vPoetry.
_2BUEsh
651 _2BUEsh
653 _cAugust2015
_bHHUUEENN
655 _vReading book
_934232
700 1 _aLall, Ramji,
_eauthor.
942 _cBB
_k821.1CHA
_2ddc